<?xml version="1.0" encoding="UTF-8"?>
<record
    xmlns:xsi="http://www.w3.org/2001/XMLSchema-instance"
    xsi:schemaLocation="http://www.loc.gov/MARC21/slim http://www.loc.gov/standards/marcxml/schema/MARC21slim.xsd"
    xmlns="http://www.loc.gov/MARC21/slim">

  <leader>01493cam a22002894a 4500</leader>
  <controlfield tag="001">207244</controlfield>
  <controlfield tag="005">20210414114021.0</controlfield>
  <controlfield tag="008">990402s2000    maua     b    001 0 eng  </controlfield>
  <datafield tag="010" ind1=" " ind2=" ">
    <subfield code="a">   99072039 </subfield>
  </datafield>
  <datafield tag="020" ind1=" " ind2=" ">
    <subfield code="a">0395733081</subfield>
  </datafield>
  <datafield tag="040" ind1=" " ind2=" ">
    <subfield code="a">DLC</subfield>
    <subfield code="c">DLC</subfield>
    <subfield code="d">DLC</subfield>
  </datafield>
  <datafield tag="042" ind1=" " ind2=" ">
    <subfield code="a">pcc</subfield>
  </datafield>
  <datafield tag="043" ind1=" " ind2=" ">
    <subfield code="a">n-us---</subfield>
  </datafield>
  <datafield tag="050" ind1="0" ind2="0">
    <subfield code="a">LB1139.25.E262</subfield>
  </datafield>
  <datafield tag="082" ind1="0" ind2="0">
    <subfield code="a">372.21/0973</subfield>
    <subfield code="2">21</subfield>
  </datafield>
  <datafield tag="245" ind1="0" ind2="0">
    <subfield code="a">Early childhood education :a constructivist perspective. /</subfield>
    <subfield code="c">N. Amanda Branscombe ... [et al.].</subfield>
  </datafield>
  <datafield tag="260" ind1=" " ind2=" ">
    <subfield code="a">Boston :</subfield>
    <subfield code="b">Houghton Mifflin Co.,</subfield>
    <subfield code="c">c2000.</subfield>
  </datafield>
  <datafield tag="300" ind1=" " ind2=" ">
    <subfield code="a">xx, 492 p. :</subfield>
    <subfield code="b">ill. ;</subfield>
    <subfield code="c">24 cm.</subfield>
  </datafield>
  <datafield tag="504" ind1=" " ind2=" ">
    <subfield code="a">Includes bibliographical references (p. 469-474) and index.</subfield>
  </datafield>
  <datafield tag="505" ind1=" " ind2=" ">
    <subfield code="a">Contents: Joining a community of learners -- Getting information and support -- Observing children's development in early childhood education -- Children as sense makers -- Views of children over time -- Exploring the lives of young children and families  -- Professionals in early childhood settings -- Creating curriculum in field experiences -- View of professionals over time -- Meeting today's early childhood professionals -- Personal development as a professional.</subfield>
  </datafield>
  <datafield tag="650" ind1=" " ind2="0">
    <subfield code="a">Early childhood education</subfield>
    <subfield code="z">United States.</subfield>
  </datafield>
  <datafield tag="650" ind1=" " ind2="0">
    <subfield code="a">Constructivism (Education)</subfield>
    <subfield code="z">United States.</subfield>
  </datafield>
  <datafield tag="700" ind1="1" ind2=" ">
    <subfield code="a">Branscombe, N. Amanda.</subfield>
  </datafield>
  <datafield tag="906" ind1=" " ind2=" ">
    <subfield code="a">7</subfield>
    <subfield code="b">cbc</subfield>
    <subfield code="c">orignew</subfield>
    <subfield code="d">2</subfield>
    <subfield code="e">opcn</subfield>
    <subfield code="f">19</subfield>
    <subfield code="g">y-gencatlg</subfield>
  </datafield>
  <datafield tag="942" ind1=" " ind2=" ">
    <subfield code="2">lcc</subfield>
    <subfield code="c">BK</subfield>
  </datafield>
  <datafield tag="999" ind1=" " ind2=" ">
    <subfield code="c">1384</subfield>
    <subfield code="d">8884</subfield>
  </datafield>
  <datafield tag="952" ind1=" " ind2=" ">
    <subfield code="0">0</subfield>
    <subfield code="1">0</subfield>
    <subfield code="2">lcc</subfield>
    <subfield code="4">0</subfield>
    <subfield code="7">0</subfield>
    <subfield code="a">WIUC-1</subfield>
    <subfield code="b">WIUC-1</subfield>
    <subfield code="c">GEN</subfield>
    <subfield code="d">2012-06-15</subfield>
    <subfield code="l">0</subfield>
    <subfield code="o">LB1139.25.E262</subfield>
    <subfield code="p">3909/12</subfield>
    <subfield code="r">2012-06-15 00:00:00</subfield>
    <subfield code="t">1</subfield>
    <subfield code="w">2012-06-15</subfield>
    <subfield code="y">BK</subfield>
  </datafield>
  <datafield tag="952" ind1=" " ind2=" ">
    <subfield code="0">0</subfield>
    <subfield code="1">0</subfield>
    <subfield code="2">lcc</subfield>
    <subfield code="4">0</subfield>
    <subfield code="7">0</subfield>
    <subfield code="a">WIUC-1</subfield>
    <subfield code="b">WIUC-1</subfield>
    <subfield code="c">GEN</subfield>
    <subfield code="d">2012-06-15</subfield>
    <subfield code="l">0</subfield>
    <subfield code="o">LB1139.25.E2621</subfield>
    <subfield code="p">3910/12</subfield>
    <subfield code="r">2012-06-15 00:00:00</subfield>
    <subfield code="t">2</subfield>
    <subfield code="w">2012-06-15</subfield>
    <subfield code="y">BK</subfield>
  </datafield>
  <datafield tag="952" ind1=" " ind2=" ">
    <subfield code="0">0</subfield>
    <subfield code="1">0</subfield>
    <subfield code="2">lcc</subfield>
    <subfield code="4">0</subfield>
    <subfield code="7">0</subfield>
    <subfield code="a">WIUC-1</subfield>
    <subfield code="b">WIUC-1</subfield>
    <subfield code="c">GEN</subfield>
    <subfield code="d">2012-06-15</subfield>
    <subfield code="l">0</subfield>
    <subfield code="o">LB1139.25.E2622</subfield>
    <subfield code="p">3911/12</subfield>
    <subfield code="r">2012-06-15 00:00:00</subfield>
    <subfield code="t">3</subfield>
    <subfield code="w">2012-06-15</subfield>
    <subfield code="y">BK</subfield>
  </datafield>
  <datafield tag="952" ind1=" " ind2=" ">
    <subfield code="0">0</subfield>
    <subfield code="1">0</subfield>
    <subfield code="2">lcc</subfield>
    <subfield code="4">0</subfield>
    <subfield code="7">0</subfield>
    <subfield code="a">WIUC-1</subfield>
    <subfield code="b">WIUC-1</subfield>
    <subfield code="c">GEN</subfield>
    <subfield code="d">2012-06-15</subfield>
    <subfield code="l">0</subfield>
    <subfield code="o">LB1139.25.E2623</subfield>
    <subfield code="p">3912/12</subfield>
    <subfield code="r">2012-06-15 00:00:00</subfield>
    <subfield code="t">4</subfield>
    <subfield code="w">2012-06-15</subfield>
    <subfield code="y">BK</subfield>
  </datafield>
  <datafield tag="952" ind1=" " ind2=" ">
    <subfield code="0">0</subfield>
    <subfield code="1">0</subfield>
    <subfield code="2">lcc</subfield>
    <subfield code="4">0</subfield>
    <subfield code="7">0</subfield>
    <subfield code="a">WIUC-1</subfield>
    <subfield code="b">WIUC-1</subfield>
    <subfield code="c">GEN</subfield>
    <subfield code="d">2012-06-15</subfield>
    <subfield code="l">0</subfield>
    <subfield code="o">LB1139.25.E2624</subfield>
    <subfield code="p">3913/12</subfield>
    <subfield code="r">2012-06-15 00:00:00</subfield>
    <subfield code="t">5</subfield>
    <subfield code="w">2012-06-15</subfield>
    <subfield code="y">BK</subfield>
  </datafield>
  <datafield tag="952" ind1=" " ind2=" ">
    <subfield code="0">0</subfield>
    <subfield code="1">0</subfield>
    <subfield code="2">lcc</subfield>
    <subfield code="4">0</subfield>
    <subfield code="7">0</subfield>
    <subfield code="a">WIUC-1</subfield>
    <subfield code="b">WIUC-1</subfield>
    <subfield code="c">GEN</subfield>
    <subfield code="d">2012-06-15</subfield>
    <subfield code="l">0</subfield>
    <subfield code="o">LB1139.25.E2625</subfield>
    <subfield code="p">3914/12</subfield>
    <subfield code="r">2012-06-15 00:00:00</subfield>
    <subfield code="t">6</subfield>
    <subfield code="w">2012-06-15</subfield>
    <subfield code="y">BK</subfield>
  </datafield>
  <datafield tag="952" ind1=" " ind2=" ">
    <subfield code="0">0</subfield>
    <subfield code="1">0</subfield>
    <subfield code="2">lcc</subfield>
    <subfield code="4">0</subfield>
    <subfield code="7">0</subfield>
    <subfield code="a">WIUC-1</subfield>
    <subfield code="b">WIUC-1</subfield>
    <subfield code="c">GEN</subfield>
    <subfield code="d">2012-06-15</subfield>
    <subfield code="l">0</subfield>
    <subfield code="o">LB1139.25.E2626</subfield>
    <subfield code="p">3915/12</subfield>
    <subfield code="r">2012-06-15 00:00:00</subfield>
    <subfield code="t">7</subfield>
    <subfield code="w">2012-06-15</subfield>
    <subfield code="y">BK</subfield>
  </datafield>
  <datafield tag="952" ind1=" " ind2=" ">
    <subfield code="0">0</subfield>
    <subfield code="1">0</subfield>
    <subfield code="2">lcc</subfield>
    <subfield code="4">0</subfield>
    <subfield code="7">0</subfield>
    <subfield code="a">WIUC-1</subfield>
    <subfield code="b">WIUC-1</subfield>
    <subfield code="c">GEN</subfield>
    <subfield code="d">2012-06-15</subfield>
    <subfield code="l">0</subfield>
    <subfield code="o">LB1139.25.E2627</subfield>
    <subfield code="p">3916/12</subfield>
    <subfield code="r">2012-06-15 00:00:00</subfield>
    <subfield code="t">8</subfield>
    <subfield code="w">2012-06-15</subfield>
    <subfield code="y">BK</subfield>
  </datafield>
  <datafield tag="952" ind1=" " ind2=" ">
    <subfield code="0">0</subfield>
    <subfield code="1">0</subfield>
    <subfield code="2">lcc</subfield>
    <subfield code="4">0</subfield>
    <subfield code="7">0</subfield>
    <subfield code="a">WIUC-1</subfield>
    <subfield code="b">WIUC-1</subfield>
    <subfield code="c">GEN</subfield>
    <subfield code="d">2012-06-15</subfield>
    <subfield code="l">0</subfield>
    <subfield code="o">LB1139.25.E2628</subfield>
    <subfield code="p">3917/12</subfield>
    <subfield code="r">2012-06-15 00:00:00</subfield>
    <subfield code="t">9</subfield>
    <subfield code="w">2012-06-15</subfield>
    <subfield code="y">BK</subfield>
  </datafield>
  <datafield tag="952" ind1=" " ind2=" ">
    <subfield code="0">0</subfield>
    <subfield code="1">0</subfield>
    <subfield code="2">lcc</subfield>
    <subfield code="4">0</subfield>
    <subfield code="7">0</subfield>
    <subfield code="a">WIUC-1</subfield>
    <subfield code="b">WIUC-1</subfield>
    <subfield code="c">GEN</subfield>
    <subfield code="d">2012-06-15</subfield>
    <subfield code="l">0</subfield>
    <subfield code="o">LB1139.25.E2629</subfield>
    <subfield code="p">3918/12</subfield>
    <subfield code="r">2012-06-15 00:00:00</subfield>
    <subfield code="t">10</subfield>
    <subfield code="w">2012-06-15</subfield>
    <subfield code="y">BK</subfield>
  </datafield>
</record>
